|
|
|
|
| LEADER |
00000nam a2200000Ii 4500 |
| 001 |
DIGUAGANA0018 |
| 003 |
NyNyDIG |
| 006 |
m o d |
| 007 |
cr ||||||||||| |
| 008 |
250303s2020 ck a ob 000 0 spa d |
| 035 |
|
|
|a (OCoLC)1507373525
|
| 040 |
|
|
|a DGITA
|b eng
|e rda
|e pn
|c DGITA
|
| 020 |
|
|
|a 9789585498624
|q (digital)
|
| 020 |
|
|
|z 9789585498617
|q (impreso)
|
| 050 |
1 |
4 |
|a QC125 ebook
|
| 100 |
1 |
|
|a Mora Maestre, Franklin Antonio,
|e author.
|
| 245 |
1 |
0 |
|a Física I :
|b introducción a la mecánica /
|c Franklin Antonio Mora Maestre.
|
| 250 |
|
|
|a Primera edición.
|
| 264 |
|
1 |
|a Bogotá :
|b Editorial Uniagustiniana,
|c [2020]
|
| 300 |
|
|
|a 1 online resource :
|b illustrations.
|
| 336 |
|
|
|a text
|b txt
|2 rdacontent
|
| 337 |
|
|
|a computer
|b c
|2 rdamedia
|
| 338 |
|
|
|a online resource
|b cr
|2 rdacarrier
|
| 347 |
|
|
|a text file
|2 rdaft
|
| 347 |
|
|
|b PDF
|
| 490 |
1 |
|
|a Ciencias básicas
|
| 504 |
|
|
|a Includes bibliographical references.
|
| 588 |
0 |
|
|a Online resource; title from PDF title page (Digitalia, viewed March 3, 2025)
|
| 650 |
|
0 |
|a Mechanics
|v Textbooks.
|
| 650 |
|
0 |
|a Physics
|v Textbooks.
|
| 776 |
0 |
8 |
|i Print version:
|a Mora Maestre, Franklin Antonio.
|t Física I.
|b Primera edición.
|d Bogotá : Editorial Uniagustiniana, [2020]
|z 9789585498617
|
| 791 |
2 |
|
|a Digitalia (Firm),
|e distributor.
|
| 793 |
0 |
|
|g Digitalia eBook Collection:
|a Editorial Uniagustiniana
|
| 830 |
|
0 |
|a Ciencias básicas (Editorial Uniagustiniana)
|
| 856 |
4 |
0 |
|3 Digitalia Hispánica
|u https://www.digitaliapublishing.com/a/162814/
|
| 910 |
|
|
|a Premium collection: 2025
|